| 000 | 00353nam a22001577a 4500 | ||
|---|---|---|---|
| 003 | SGT | ||
| 082 |
_a611 _bC15S |
||
| 100 | _aSINGH,VISHRAM | ||
| 245 | _aCLINICAL AND SURGICAL ANATOMY | ||
| 250 | _a2ND | ||
| 260 |
_aDELHI _bELSEVIER _c2015 |
||
| 300 | _a508 | ||
| 650 | _aSURGICAL ANATOMY | ||
| 653 | _aANATOMY, SURGICAL, CLINICAL | ||
| 942 |
_2ddc _cBK _05 |
||
| 999 |
_c8310 _d8310 |
||